00481nam a2200157Ia 4500003000400000008004100004040001600045082001800061100002700079245007700106260006100183490000500244650001900249650002100268650003400289GCL140319s9999 xx 000 0 ara d aGCL / cGCL04a025.32bس و1 aسيد حسب الله10aالوصف البيلوجرافى للكتب / cسيد حسب الله a[S.N] : bمعهد الادارة العامة ، c1988 a04aالفهرسة04aالمكتبات04aالفهرسة الوصفية